Encomienda y mita en Nueva Granada en el siglo XVII (Registro nro. 26929)

Detalles MARC
000 -ENCABEZADO
Número de control [NR] 00829nam a2200217Ia 4500
008 - DE LONGITUD FIJA DE DATOS DE ELEMENTOS - INFORMACIÓN GENERAL
Elementos de longitud fija [NR] 130821s1975 sp gr spa
020 ## - NUMERO INTERNACIONAL NORMALIZADO PARA LIBROS [R]
Número Internacional Normalizado del libro [NR] 8400041763
040 ## - FUENTE DE CATALOGACION [NR]
Agencia de catalogación original [NR] Co-BoUCM
Idioma de catalogación [NR] spa
041 00 - CODIGO DE IDIOMA [R]
Código de idioma para texto/pista de sonido o título separado [R] Español
100 1# - ASIENTO PRINCIPAL--NOMBRE PERSONAL [NR]
Nombre personal [NR] Ruiz Rivera, Julian B.
ID Autoridad 157479
245 10 - MENCION DE TITULO [NR]
Título [NR] Encomienda y mita en Nueva Granada en el siglo XVII
Mención de responsabilidad, etc. [NR] Julian B. Ruiz Rivera
260 ## - PUBLICACION, DISTRIBUCION, ETC. (PIE DE IMPRENTA) [R]
Lugar de publicación, distribución, etc. [R] Sevilla (Andalucía, España)
Nombre del editor, distribuidor, etc. [R] Escuela de Estudios Hispano-Americanos de Sevilla. Consejo Superior de Investigaciones Científicas
Fecha de publicación, distribución, etc. [R] 1975
300 ## - DESCRIPCION FISICA [R]
Extensión [R] 454 páginas
504 ## - NOTA DE BIBLIOGRAFIA, ETC. [R]
Nota de bibliografía, etc. [NR]
650 04 - ASIENTO SECUNDARIO DE MATERIA - TERMINO TEMATICO [R]
Término temático o nombre geográfico como elemento de entrada [NR] Encomiendas
9 (RLIN) 14181
650 04 - ASIENTO SECUNDARIO DE MATERIA - TERMINO TEMATICO [R]
Término temático o nombre geográfico como elemento de entrada [NR] Instituciones socioeconómicas coloniales
9 (RLIN) 17768
650 04 - ASIENTO SECUNDARIO DE MATERIA - TERMINO TEMATICO [R]
Término temático o nombre geográfico como elemento de entrada [NR] Mitas
9 (RLIN) 19622
651 ## - ASIENTO SECUNDARIO DE MATERIA - NOMBRE GEOGRAFICO [R]
Nombre geográfico [NR] Colombia
Subdivisión general [R] Historia
Subdivisión cronológica [R] Colonia
-- 1550-1810
9 (RLIN) 26606
942 ## - ELEMENTOS DE ENTRADA AGREGADOS (KOHA)
Tipo de ítem principal el descrito en 300a Libro
Sistema de clasificación DEWEY
Tema principal Historia
Edición 1
Clasificación 986.102
Parte restante de la signatura top. R84
Existencias
Fecha de último préstamo Total préstamos Total Renewals Signatura topográfica Código de barras Última vez visto Ejemplar Price effective from Tipo de ítem Perdido Sistema de clasificación Dañado No prestable Tipo de ítem específico Suprimido Ubicación habitual Ubicación actual Localización Fecha de creación Forma de adquisición Costo
02/03/2023 3 1 986.102 R84 100048362 09/12/2025 Ej.1 03/02/2013 Libro   DEWEY     Libro   Claustro Claustro 2do piso 28/02/2003 Compra 0.00